| 000 | 01272cam a2200325 a 4500 | ||
|---|---|---|---|
| 001 | 4868850 | ||
| 003 | NUST | ||
| 005 | 20230412171133.0 | ||
| 008 | 920513s1992 dcua b f000 0 eng | ||
| 010 | _a 92019392 | ||
| 020 |
_a0309051738 : _c$20.00 |
||
| 022 | _29780273732198 | ||
| 040 |
_aDLC _cDLC _dDLC |
||
| 050 | 0 | 0 |
_aTE7 _b.H5 no. 1335 _aTE278 |
| 082 | 0 | 0 |
_a388 s _a666.893 _220 _bNEV |
| 245 | 0 | 0 | _aConcrete technology. |
| 260 |
_aWashington, D.C. : _bTransportation Research Board, National Research Council, _c1992. |
||
| 300 |
_a72 p. : _bill. ; _c28 cm. |
||
| 490 | 1 |
_aTransportation research record ; _vno. 1335 |
|
| 500 | _a"A peer-reviewed publication of the Transportation Research Board." | ||
| 504 | _aIncludes bibliographical references. | ||
| 650 | 0 |
_aPavements, Concrete _xTesting. |
|
| 650 | 0 |
_aConcrete bridges _xFloors _xTesting. _921345 |
|
| 650 | 0 |
_aPavements, Reinforced concrete _xTesting. _9111832 |
|
| 710 | 2 |
_aNational Research Council (U.S.). _bTransportation Research Board. |
|
| 830 | 0 |
_aTransportation research record ; _v1335. _9111833 |
|
| 906 |
_a7 _bcbc _corignew _d1 _eocip _f19 _gy-gencatlg |
||
| 942 |
_2ddc _cBK |
||
| 999 |
_c594476 _d594476 |
||